[Event "Madrid Alcorcon op 1st"]
[Site "Madrid"]
[Date "2022.12.29"]
[Round "7"]
[White "Garcia Lafuente, Alvaro"]
[Black "Toquero Gracia, Laura"]
[Result "0-1"]
[WhiteElo "1265"]
[BlackElo "1610"]
[PlyCount "134"]
[EventDate "2022.12.26"]
[EventType "swiss"]
[EventRounds "9"]
[EventCountry "ESP"]
[SourceTitle "CBM 212 Extra"]
[Source "ChessBase"]
[SourceDate "2023.03.31"]
[SourceVersion "1"]
[SourceVersionDate "2023.03.31"]
[SourceQuality "1"]

1. e4 e6 2. d4 d5 3. Nc3 dxe4 4. Nxe4 Nd7 5. Nf3 Ngf6 6. Bd3 Nxe4 7. Bxe4 Nf6 8. Bd3 c5 9. c3 cxd4 10. cxd4 Bb4+ 11. Bd2 Bxd2+ 12. Qxd2 0-0 13. 0-0 b6 14. Rac1 Bb7 15. Qf4 Bxf3 16. Qxf3 Qxd4 17. b3 Qd5 18. Qxd5 Nxd5 19. Ba6 Nb4 20. Bb7 Rab8 21. Rc7 Nxa2 22. Ba6 Nb4 23. Rxa7 Ra8 24. Rxa8 Rxa8 25. Bc4 Nc6 26. Be2 Nd4 27. Bd1 Ra3 28. h3 Nxb3 29. Bc2 g6 30. Rb1 Ra1 31. Rxa1 Nxa1 32. Bd1 b5 33. Kf1 b4 34. Ke2 b3 35. Kd2 b2 36. Bc2 Nxc2 37. Kxc2 Kg7 38. Kxb2 Kf6 39. Kc2 Ke5 40. Kd3 g5 41. Ke3 h5 42. g3 f5 43. h4 f4+ 44. gxf4+ gxf4+ 45. Kd3 Kf5 46. f3 e5 47. Ke2 e4 48. fxe4+ Kxe4 49. Kf2 f3 50. Kf1 Kf4 51. Kf2 Kg4 52. Kf1 Kxh4 53. Kf2 Kg4 54. Kf1 Kg3 55. Kg1 f2+ 56. Kf1 h4 57. Ke2 Kg2 58. Ke3 f1Q 59. Ke4 Qf3+ 60. Ke5 Qg4 61. Kd5 h3 62. Ke5 h2 63. Kd5 h1R 64. Ke5 Rh5+ 65. Kf6 Qf5+ 66. Kg7 Rg5+ 67. Kh8 Qh3# 0-1

[Event "Madrid Alcorcon op 1st"]
[Site "Madrid"]
[Date "2022.12.26"]
[Round "1"]
[White "Garcia Lafuente, Alvaro"]
[Black "Moreno Lopez, Avelino"]
[Result "0-1"]
[WhiteElo "1265"]
[BlackElo "1983"]
[PlyCount "134"]
[EventDate "2022.12.26"]
[EventType "swiss"]
[EventRounds "9"]
[EventCountry "ESP"]
[SourceTitle "CBM 212 Extra"]
[Source "ChessBase"]
[SourceDate "2023.03.31"]
[SourceVersion "1"]
[SourceVersionDate "2023.03.31"]
[SourceQuality "1"]

1. e4 c6 2. d4 d5 3. f3 dxe4 4. fxe4 e5 5. Nf3 exd4 6. Qxd4 Qxd4 7. Nxd4 Nf6 8. e5 Nd5 9. Bc4 Bc5 10. Nf3 Be6 11. Nbd2 Ne3 12. Bd3 Nxg2+ 13. Kd1 Nf4 14. Ne4 Nxd3 15. cxd3 Be7 16. Be3 Nd7 17. Rg1 g6 18. Nfg5 0-0-0 19. Nxe6 fxe6 20. Bg5 Bxg5 21. Nd6+ Kc7 22. Nf7 Be3 23. Re1 Bd4 24. Nxh8 Rxh8 25. Kc2 Rf8 26. Rf1 Rxf1 27. Rxf1 Bxe5 28. Rf2 Nf6 29. Kb3 Kd6 30. Kc4 Ng4 31. Rf7 b5+ 32. Kb4 Nxh2 33. Rxh7 g5 34. Rxa7 g4 35. Ra8 g3 36. Rg8 Nf1 37. Kb3 Ne3 38. d4 Bf4 39. Kc3 g2 40. Kd3 Bh2 41. Kxe3 g1Q+ 42. Rxg1 Bxg1+ 43. Ke4 Bf2 44. a3 Be1 45. Kd3 Kd5 46. Ke2 Kxd4 47. Kxe1 Kc4 48. Kd2 Kb3 49. Kc1 e5 50. Kb1 e4 51. Kc1 e3 52. Kd1 Kxb2 53. Ke2 Kxa3 54. Kxe3 c5 55. Kd3 Kb2 56. Ke4 c4 57. Kd4 Kb3 58. Kd5 c3 59. Kc5 b4 60. Kb5 c2 61. Ka5 c1Q 62. Kb5 Ka3 63. Ka5 b3 64. Kb5 b2 65. Ka6 b1Q 66. Ka5 Qc5+ 67. Ka6 Qbb6# 0-1